Loading...
| Literature - European | 0 | 9 | 0 | 0 | 90 | 42 | 85.11 | 2 | 7 | 0.00 | 0.00 |
| Literature - British | 0 | 6 | 1 | 0 | 55 | 35 | 76.00 | 1 | 6 | 0.00 | 0.00 |
| Literature - World | 0 | 4 | 1 | 0 | 35 | 87 | 123.00 | 0 | 2 | 0.00 | 0.00 |
| Religion | 0 | 3 | 0 | 1 | 30 | 102 | 114.67 | 0 | 1 | 0.00 | 0.00 |
| Science - Physics | 0 | 3 | 1 | 0 | 25 | 70 | 86.00 | 0 | 2 | 0.00 | 0.00 |
| Science - Chemistry | 0 | 2 | 0 | 0 | 20 | 75 | 85.50 | 0 | 2 | 0.00 | 0.00 |
| Literature - American | 0 | 2 | 1 | 0 | 15 | 121 | 132.00 | 0 | 1 | 0.00 | 0.00 |
| Social Science | 0 | 1 | 0 | 0 | 10 | 98 | 98.00 | 0 | 0 | 0.00 | 0.00 |
| History - Other | 0 | 1 | 0 | 1 | 10 | 132 | 132.00 | 0 | 0 | 0.00 | 0.00 |
| Mythology | 0 | 1 | 0 | 0 | 10 | 130 | 130.00 | 0 | 0 | 0.00 | 0.00 |
| Other Academic | 0 | 1 | 0 | 0 | 10 | 82 | 82.00 | 0 | 0 | 0.00 | 0.00 |
| Fine Arts - Painting and Sculpture | 0 | 1 | 0 | 0 | 10 | 96 | 96.00 | 1 | 1 | 0.00 | 0.00 |
| History - European | 0 | 0 | 1 | 0 | -5 | 0.00 | 0 | 0 | 0.00 | 0.00 |